000 00679nam a2200181Ia 4500
003 GCL
008 140319s9999 xx 000 0 ara d
040 _aGCL /
_cGCL
082 0 4 _a371.91
_bم ا
100 1 _aماكنتاير، كريستين
245 1 0 _aاهمية اللعب للاطفال ذوى الاحتياجات الخاصة /
_cماكنتاير، كريستين
260 _aالقاهرة :
_bدار الفاروق للنشر والتوزيع ،
_c2004
300 _a160 ص ؛
_c24 سم
650 0 4 _aالعلاج باللعب
650 0 4 _aالطلبة المعوقون - ترقية
650 0 4 _aالاطفال المعوقون - تعليم
942 _2ddc
_cBK
999 _c7250
_d7250